000 00786nam a22001937a 4500
003 OSt
005 20251108132117.0
008 251108b |||||||| |||| 00| 0 eng d
040 _c0
082 _aDPer 372.83044 SoI31 September 2022-April 2023 v. 35 n. 1-4
100 _aDickenson, Beau.
_eauthor.
_969310
245 _a''This is your moment-seize it!'' :
_bBarbara Jones, Black Agency, and the empowerment of the youth /
_cBeau Dickenson and Emma Thacker.
260 _aNCSS Publication ;
_cMarch-April 2023.
300 _aVolume 35, pages 9-14 :
_billustration ;
_c28 cm.
500 _aSocial Studies and the Young Learner, vol. 35, no. 3, pages 9-14, March/April 2023.
700 _aDickenson, Beau.
_eauthor.
_969310
710 _aThacker, Emma.
_eauthor.
_969311
942 _2ddc
_cPER
999 _c24178
_d24178